Ángel Ganivet, el excéntrico del 98 / (Record no. 67947)

MARC details
000 -LEADER
campo de control de longitud fija 00574nam a2200193 i 4500
001 - NÚMERO DE CONTROL
campo de control 67947
003 - IDENTIFICADOR DE NÚMERO DE CONTROL
campo de control ES-MaACL
005 - FECHA Y HORA DE LA ÚLTIMA TRANSACCIÓN
campo de control 20251011063112.0
007 - CAMPO FIJO DE DESCRIPCIÓN FÍSICA--INFORMACIÓN GENERAL
campo de control de longitud fija t|
008 - DATOS DE LONGITUD FIJA--INFORMACIÓN GENERAL
campo de control de longitud fija 040216s1965 sp f |||| | spa d
100 0# - ENTRADA PRINCIPAL--NOMBRE DE PERSONA
Nombre de persona Gallego Morell, Antonio,
Fechas asociadas al nombre 1923-2009
9 (RLIN) 53576
245 10 - MENCIÓN DEL TÍTULO
Título Ángel Ganivet, el excéntrico del 98 /
Mención de responsabilidad, etc. Antonio Gallego Morell.
250 ## - MENCION DE EDICION
Mención de edición 1ª ed.
260 ## - PUBLICACIÓN, DISTRIBUCIÓN, ETC.
Lugar de publicación, distribución, etc. Granada :
Nombre del editor, distribuidor, etc. [Albaicín],
Fecha de publicación, distribución, etc. 1965.
300 ## - DESCRIPCIÓN FÍSICA
Extensión 280 p., 24 lám. ;
Dimensiones 22 cm.
600 14 - PUNTO DE ACCESO ADICIONAL DE MATERIA--NOMBRE DE PERSONA
Nombre de persona Ganivet, Ángel,
Fechas asociadas al nombre 1865-1898
9 (RLIN) 53864
852 ## - LOCALIZACIÓN
Ubicación ES-MaACL
Número de control de estantería C-28106
Holdings
Estatus retirado Estado de pérdida Estado de daño No para préstamo Biblioteca de origen Biblioteca actual Ubicación en estantería Fecha de adquisición Fuente de adquisición Total de préstamos Signatura topográfica completa Código de barras Visto por última vez Precio de reemplazo Tipo de ítem Koha
        Biblioteca del Ateneo de Madrid Biblioteca del Ateneo de Madrid Depósito 2 17/01/2008     C-28106 1071139 23/02/2023 23/02/2023 Libro impreso